Library Banner

Public places-Urban spaces (Record no. 73149)

MARC details
000 -LEADER
fixed length control field 00496nam a2200193Ia 4500
001 - CONTROL NUMBER
control field 67679
008 - FIXED-LENGTH DATA ELEMENTS--GENERAL INFORMATION
fixed length control field 150618s9999 xx 000 0 und d
020 ## - INTERNATIONAL STANDARD BOOK NUMBER
International Standard Book Number 9781856178273
040 ## - CATALOGING SOURCE
Transcribing agency PK-LaUMT
082 ## - DEWEY DECIMAL CLASSIFICATION NUMBER
Classification number 711.4
Item number PUB-
100 ## - MAIN ENTRY--PERSONAL NAME
Personal name Carmona, Mathew
245 ## - TITLE STATEMENT
Title Public places-Urban spaces
Remainder of title the dimensions of urban design
Statement of responsibility, etc Carmona, Mathew|[et al, ]
250 ## - EDITION STATEMENT
Edition statement 2nd
260 ## - PUBLICATION, DISTRIBUTION, ETC. (IMPRINT)
Place of publication, distribution, etc London,UK:
Name of publisher, distributor, etc Routledge,
Date of publication, distribution, etc 2010
300 ## - PHYSICAL DESCRIPTION
Extent 394 p.
546 ## - LANGUAGE NOTE
Language note EN
700 ## - ADDED ENTRY--PERSONAL NAME
Personal name [et al, ]
942 ## - ADDED ENTRY ELEMENTS (KOHA)
Koha item type Books
Holdings
Withdrawn status Lost status Damaged status Not for loan Home library Current library Date acquired Total Checkouts Full call number Barcode Date last seen Date checked out Price effective from Koha item type
        UMT Main Campus UMT Main Campus 2015-06-18 13 711.4 PUB- 92807 2024-06-06 2024-04-04 2015-06-18 Books